[Event "Milan Palladino Memorial"]
[Site "Milan"]
[Date "2013.03.31"]
[Round "5"]
[White "Mondal, Prince"]
[Black "Guidi, Paolo"]
[Result "1-0"]
[WhiteElo "1934"]
[BlackElo "1900"]
[PlyCount "47"]
[EventDate "2013.03.28"]
[EventType "swiss"]
[EventRounds "7"]
[EventCountry "ITA"]
[SourceTitle "EXT 2014"]
[Source "ChessBase"]
[SourceDate "2013.11.20"]
[SourceVersion "1"]
[SourceVersionDate "2013.11.20"]
[SourceQuality "1"]

1. e4 d6 2. d4 Nf6 3. Nc3 g6 4. Be3 c6 5. Qd2 b5 6. f3 Qc7 7. h4 h5 8. Bd3 Bg7 9. Nce2 Bb7 10. Nh3 Nbd7 11. Ng5 Nb6 12. 0-0-0 a5 13. Rdg1 Na4 14. g4 Ba6 15. Bf4 e5 16. Be3 c5 17. dxc5 dxc5 18. c4 0-0 19. Qc2 Rfb8 20. cxb5 c4 21. Bxc4 Nxb2 22. Bxf7+ Qxf7 23. Nxf7 Rc8 24. Nc3 1-0

[Event "Milan Crespi op-B 31th"]
[Site "Milan"]
[Date "2010.12.05"]
[Round "3"]
[White "Illyuviev, Oleg"]
[Black "Guidi, Paolo"]
[Result "1-0"]
[WhiteElo "1988"]
[BlackElo "1874"]
[PlyCount "92"]
[EventDate "2010.12.04"]
[EventType "swiss"]
[EventRounds "7"]
[EventCountry "ITA"]
[SourceTitle "EXT 2024"]
[Source "ChessBase"]
[SourceDate "2023.10.10"]
[SourceVersion "1"]
[SourceVersionDate "2023.10.10"]
[SourceQuality "1"]

1. c4 e5 2. Nc3 d6 3. g3 Nf6 4. d4 exd4 5. Qxd4 Nc6 6. Qe3+ Be7 7. Nd5 Nxd5 8. cxd5 Ne5 9. Nf3 Ng4 10. Qd3 0-0 11. Bg2 Bf6 12. 0-0 Re8 13. h3 Ne5 14. Nxe5 Bxe5 15. f4 Bf6 16. g4 Bh4 17. b4 Bd7 18. Be4 Qe7 19. Bxh7+ Kh8 20. Bf5 Bxf5 21. Qxf5 g6 22. Qc2 Qxe2 23. Qc3+ Kg8 24. Bd2 Re4 25. Rae1 Bxe1 26. Rxe1 Qc4 27. Qxc4 Rxc4 28. Kf2 Kf8 29. f5 gxf5 30. Bh6+ Kg8 31. gxf5 Kh7 32. Bg5 Rc8 33. Re7 Kg7 34. h4 c6 35. Rxb7 cxd5 36. Kf3 R8c7 37. Rb5 f6 38. Bf4 Re4 39. Bxd6 Rc3+ 40. Kf2 Rc2+ 41. Kf3 Rc3+ 42. Kf2 Rxh4 43. Rb7+ Kh6 44. Rxa7 Kg5 45. b5 Rd4 46. Ke2 Rdc4 1-0

[Event "Crema op 12th"]
[Site "Crema "]
[Date "2010.09.05"]
[Round "5"]
[White "Giretti Kanev, Jasen"]
[Black "Guidi, Paolo"]
[Result "1/2-1/2"]
[WhiteElo "2191"]
[BlackElo "1884"]
[PlyCount "25"]
[EventDate "2010.09.05"]
[EventType "swiss"]
[EventRounds "6"]
[EventCountry "ITA"]
[SourceTitle "EXT 2012"]
[Source "ChessBase"]
[SourceDate "2011.11.24"]
[SourceVersion "1"]
[SourceVersionDate "2011.11.24"]
[SourceQuality "1"]

1. e4 d6 2. d4 Nf6 3. Nc3 g6 4. f4 Bg7 5. Nf3 c5 6. d5 0-0 7. Be2 b5 8. Bxb5 Nxe4 9. Bd2 Nxd2 10. Qxd2 Qb6 11. Rb1 Bxc3 12. bxc3 a6 13. f5 1/2-1/2

[Event "Crema op 12th"]
[Site "Crema "]
[Date "2010.09.05"]
[Round "2"]
[White "Guidi, Paolo"]
[Black "Adami, Alessandro"]
[Result "1-0"]
[WhiteElo "1884"]
[BlackElo "1675"]
[PlyCount "101"]
[EventDate "2010.09.05"]
[EventType "swiss"]
[EventRounds "6"]
[EventCountry "ITA"]
[SourceTitle "EXT 2012"]
[Source "ChessBase"]
[SourceDate "2011.11.24"]
[SourceVersion "1"]
[SourceVersionDate "2011.11.24"]
[SourceQuality "1"]

1. Nf3 f5 2. d3 Nf6 3. e4 fxe4 4. dxe4 d6 5. e5 dxe5 6. Qxd8+ Kxd8 7. Nxe5 Be6 8. Nc3 Nbd7 9. Nf3 h6 10. h4 Bf7 11. Bf4 a6 12. 0-0-0 Kc8 13. Be2 b6 14. Ne5 Nxe5 15. Bxe5 Bh5 16. Bxh5 Nxh5 17. Nd5 Ra7 18. Rhe1 Nf6 19. Nf4 c5 20. Ng6 Rg8 21. Bg3 Rd7 22. Ne5 Rxd1+ 23. Kxd1 g5 24. hxg5 hxg5 25. Nc6 Rg7 26. c4 Rf7 27. Ne5 Rg7 28. Re3 Nd7 29. Nc6 Rf7 30. Ke2 Nf6 31. Ne5 Rg7 32. Ra3 Kb7 33. Rd3 Ne4 34. Nd7 Nxg3+ 35. Rxg3 Rg8 36. Nxf8 Rxf8 37. Rxg5 Rf4 38. b3 Re4+ 39. Kf3 Re1 40. Rg4 Ra1 41. Re4 Rxa2 42. Rxe7+ Kc6 43. Re6+ Kc7 44. g4 Ra3 45. Re3 b5 46. g5 bxc4 47. bxc4 Rxe3+ 48. Kxe3 Kd7 49. Kd3 Ke6 50. f4 a5 51. Kc3 1-0

[Event "Crema op 12th"]
[Site "Crema "]
[Date "2010.09.05"]
[Round "4"]
[White "Guidi, Paolo"]
[Black "Peschechera, Francesco"]
[Result "1-0"]
[WhiteElo "1884"]
[BlackElo "1704"]
[PlyCount "87"]
[EventDate "2010.09.05"]
[EventType "swiss"]
[EventRounds "6"]
[EventCountry "ITA"]
[SourceTitle "EXT 2012"]
[Source "ChessBase"]
[SourceDate "2011.11.24"]
[SourceVersion "1"]
[SourceVersionDate "2011.11.24"]
[SourceQuality "1"]

1. Nf3 d5 2. d4 e6 3. e3 Nf6 4. Bd3 Bd6 5. Nbd2 0-0 6. 0-0 Nbd7 7. e4 dxe4 8. Nxe4 Nxe4 9. Bxe4 Nf6 10. Bd3 b6 11. Bg5 Bb7 12. Re1 c5 13. c3 cxd4 14. Nxd4 Bc7 15. Nf3 Qe7 16. Qe2 Rad8 17. Rad1 Rd6 18. Nd4 Rd5 19. Nf5 Bxh2+ 20. Kxh2 Qc7+ 21. Kg1 exf5 22. Bxf6 gxf6 23. Qh5 Qc6 24. f3 Qc5+ 25. Kh1 Rfd8 26. Bxf5 Rxf5 27. Qg4+ Rg5 28. Rxd8+ Kg7 29. Qd4 Rh5+ 30. Kg1 Qc7 31. Qd6 Qc4 32. Ree8 Qh4 33. Rg8+ Kh6 34. Qd2+ Rg5 35. Rxg5 fxg5 36. Rd6+ f6 37. Rxf6+ Kg7 38. Rd6 Kf8 39. Rd8+ Kf7 40. Rd7+ Kg6 41. Rxb7 Qc4 42. Rd7 Qxa2 43. g4 Kf6 44. Qd6+ 1-0